[Event "16th South Wales Int 2019"]
[Site "Bridgend"]
[Date "2019.07.07"]
[Round "1.29"]
[White "Jaberansari, Daniel"]
[Black "Jones, Derek"]
[Result "0-1"]
[WhiteElo "1383"]
[BlackElo "1937"]
[PlyCount "110"]
[EventDate "2019.07.07"]
[EventType "swiss"]
[EventRounds "9"]
[EventCountry "WLS"]

1. e4 e6 2. Nf3 d5 3. e5 c5 4. b4 cxb4 5. d4 Nc6 6. a3 Qb6 7. axb4 Bxb4+ 8. c3
Be7 9. Ba3 Bd7 10. Be2 Rc8 11. O-O a6 12. c4 dxc4 13. Nc3 Bxa3 14. Rxa3 Nge7
15. Ne4 O-O 16. Nd6 Rc7 17. Bxc4 Na5 18. Bd3 h6 19. Qd2 Nac6 20. Rb1 Qa7 21.
Nb5 Qb8 22. Nxc7 Qxc7 23. Be4 Bc8 24. Rc1 Rd8 25. Rd3 Nd5 26. Bxd5 Rxd5 27. Qc3
Qd8 28. Rcd1 a5 29. Ne1 Nb4 30. R3d2 b5 31. Nc2 Nxc2 32. Rxc2 Bd7 33. Qc7 Qxc7
34. Rxc7 b4 35. Rc5 a4 36. Kf1 b3 37. Rxd5 exd5 38. Ke2 a3 39. Kd2 b2 40. Kc3
Bf5 41. Kb3 b1=Q+ 42. Rxb1 Bxb1 43. Kxa3 g5 44. Kb4 Kg7 45. Kc5 Ba2 46. g3 g4
47. Kd6 Kg6 48. Ke7 Kf5 49. Kxf7 Ke4 50. e6 Bc4 51. e7 Bb5 52. Kg6 Kxd4 53.
Kxh6 Ke4 54. Kg5 Kf3 55. Kf5 d4 0-1

[Event "16th South Wales Int 2019"]
[Site "Bridgend"]
[Date "2019.07.07"]
[Round "2.1"]
[White "Nasuta, Grzegorz"]
[Black "Bullen, Alex"]
[Result "1-0"]
[WhiteElo "2529"]
[BlackElo "2118"]
[PlyCount "71"]
[EventDate "2019.07.07"]
[EventType "swiss"]
[EventRounds "9"]
[EventCountry "WLS"]

1. e4 c6 2. d4 d5 3. Nc3 dxe4 4. Nxe4 Bf5 5. Ng3 Bg6 6. h4 h6 7. Nf3 Nd7 8. h5
Bh7 9. Bd3 Bxd3 10. Qxd3 e6 11. Bd2 Ngf6 12. O-O-O Be7 13. Kb1 O-O 14. Ne4 Nxe4
15. Qxe4 Nf6 16. Qe2 Qd5 17. Be3 Ng4 18. Bc1 Qb5 19. c4 Qf5+ 20. Ka1 b5 21. Ne5
Nxe5 22. dxe5 Rfd8 23. g4 Qh7 24. f4 b4 25. Rhf1 a5 26. f5 a4 27. Qf3 a3 28.
Rxd8+ Rxd8 29. Qxc6 Bg5 30. Qc7 axb2+ 31. Kxb2 Bxc1+ 32. Kxc1 Rf8 33. Qe7 exf5
34. gxf5 Qh8 35. Rg1 Kh7 36. f6 1-0

[Event "16th South Wales Int 2019"]
[Site "Bridgend"]
[Date "2019.07.07"]
[Round "2.2"]
[White "Marusenko, Petr"]
[Black "Korneev, Oleg"]
[Result "0-1"]
[WhiteElo "2154"]
[BlackElo "2523"]
[PlyCount "84"]
[EventDate "2019.07.07"]
[EventType "swiss"]
[EventRounds "9"]
[EventCountry "WLS"]

1. e4 c5 2. Nf3 e6 3. c3 Nf6 4. e5 Nd5 5. d4 cxd4 6. cxd4 d6 7. Bc4 Nb6 8. Bd3
dxe5 9. dxe5 N8d7 10. O-O Nc5 11. Bc2 Qxd1 12. Rxd1 Nd5 13. a3 Bd7 14. Nbd2 Rc8
15. Nf1 Ba4 16. Bxa4+ Nxa4 17. Ne3 Nab6 18. a4 a6 19. a5 Nxe3 20. Bxe3 Nd5 21.
Bd4 Bb4 22. Ne1 Bxe1 23. Rxe1 Kd7 24. Ra3 Rc4 25. Rd3 Rhc8 26. Bc3 Ke8 27. Bd2
Ra4 28. g3 Rc2 29. b3 Raa2 30. Rd1 h5 31. h4 f6 32. exf6 gxf6 33. Kf1 Kf7 34.
Kg1 f5 35. Kf1 Kf6 36. Kg1 f4 37. Kf1 fxg3 38. fxg3 Kf5 39. Kg1 Kg4 40. Rd4+
Kxg3 41. Be1+ Kf3 42. R1d3+ Ne3 0-1

[Event "16th South Wales Int 2019"]
[Site "Bridgend"]
[Date "2019.07.07"]
[Round "2.3"]
[White "Chatalbashev, Boris"]
[Black "Wilks, Simon"]
[Result "1-0"]
[WhiteElo "2518"]
[BlackElo "2065"]
[PlyCount "69"]
[EventDate "2019.07.07"]
[EventType "swiss"]
[EventRounds "9"]
[EventCountry "WLS"]

1. c4 c5 2. Nf3 Nc6 3. Nc3 Nf6 4. g3 e6 5. Bg2 d5 6. cxd5 Nxd5 7. O-O Be7 8. d4
cxd4 9. Nxd4 Nxd4 10. Nxd5 Nxe2+ 11. Qxe2 exd5 12. Qb5+ Qd7 13. Qxd7+ Bxd7 14.
Bxd5 O-O 15. Bf4 a5 16. Bxb7 Ra7 17. Bd5 Bf6 18. Bd6 Re8 19. Rfe1 h6 20. Rxe8+
Bxe8 21. Rc1 Rd7 22. Rc8 Bd8 23. Rc6 Ra7 24. Rc1 Bd7 25. b3 g6 26. a4 Bh3 27.
Bc6 Ra6 28. Be5 Be6 29. Bb5 Ra8 30. Bc4 Rc8 31. h4 Bb6 32. Bf4 Bxc4 33. Rxc4
Rxc4 34. bxc4 h5 35. Bd6 1-0

[Event "16th South Wales Int 2019"]
[Site "Bridgend"]
[Date "2019.07.07"]
[Round "2.4"]
[White "Brown, Thomas"]
[Black "Davies, Nigel R"]
[Result "0-1"]
[WhiteElo "2092"]
[BlackElo "2484"]
[PlyCount "84"]
[EventDate "2019.07.07"]
[EventType "swiss"]
[EventRounds "9"]
[EventCountry "WLS"]

1. d4 Nf6 2. c4 c5 3. d5 e5 4. Nc3 d6 5. e4 Be7 6. Nf3 Nbd7 7. Be2 O-O 8. O-O
a6 9. a3 Nh5 10. g3 g6 11. Ne1 Ng7 12. Ng2 f5 13. Bh6 Bg5 14. Bxg7 Kxg7 15.
exf5 gxf5 16. f4 Bh6 17. Kh1 Kh8 18. g4 exf4 19. gxf5 Ne5 20. Nxf4 Bxf4 21.
Rxf4 Bxf5 22. Qf1 Qg5 23. Rf2 Rf7 24. Qg2 Qh6 25. Rg1 Raf8 26. Qg5 Qxg5 27.
Rxg5 Bg6 28. Rxf7 Rxf7 29. Rg1 Rf4 30. Rf1 Rxf1+ 31. Bxf1 Bc2 32. Kg1 Kg7 33.
b4 b6 34. Kf2 Kf6 35. Ke3 Ke7 36. Ne4 Ng4+ 37. Kf4 cxb4 38. axb4 a5 39. Nxd6
Kxd6 40. bxa5 bxa5 41. Kxg4 a4 42. c5+ Kxd5 0-1

[Event "16th South Wales Int 2019"]
[Site "Bridgend"]
[Date "2019.07.07"]
[Round "2.5"]
[White "Petrov, Marian"]
[Black "Pleasants, Allan J"]
[Result "1-0"]
[WhiteElo "2463"]
[BlackElo "2049"]
[PlyCount "59"]
[EventDate "2019.07.07"]
[EventType "swiss"]
[EventRounds "9"]
[EventCountry "WLS"]

1. e4 d6 2. d4 Nf6 3. Nc3 g6 4. Nf3 Bg7 5. Be2 O-O 6. O-O a6 7. a4 Nc6 8. d5
Nb4 9. Bg5 c6 10. a5 cxd5 11. exd5 Bf5 12. Nd4 Bd7 13. Bf3 Rc8 14. Qd2 Rc4 15.
Nde2 Ng4 16. Ne4 Ne5 17. c3 Nbd3 18. Nd4 Nxf3+ 19. Nxf3 Rxe4 20. Qxd3 Bf5 21.
Qd2 Bg4 22. Qd3 Bf5 23. Qd1 h6 24. Be3 Rc4 25. Bd4 Qd7 26. Bxg7 Kxg7 27. b3 Rf4
28. Nd4 Be4 29. Ne2 Rg4 30. f3 1-0

[Event "16th South Wales Int 2019"]
[Site "Bridgend"]
[Date "2019.07.07"]
[Round "2.7"]
[White "Roberson, Peter T"]
[Black "Cannon, Richard J"]
[Result "1-0"]
[WhiteElo "2429"]
[BlackElo "2013"]
[PlyCount "101"]
[EventDate "2019.07.07"]
[EventType "swiss"]
[EventRounds "9"]
[EventCountry "WLS"]

1. e4 e6 2. d4 d5 3. Nd2 Nf6 4. e5 Nfd7 5. Bd3 c5 6. c3 Nc6 7. Ngf3 cxd4 8.
cxd4 Qb6 9. O-O Nxd4 10. Nxd4 Qxd4 11. Nf3 Qb6 12. a3 Nc5 13. Bc2 a5 14. Ng5
Be7 15. Qh5 Bxg5 16. Qxg5 Bd7 17. Be3 Qb5 18. Rfc1 Bc6 19. Bxc5 Qxc5 20. Ba4
Qe7 21. Qxg7 Kd7 22. Bxc6+ bxc6 23. Qg4 a4 24. Rc3 c5 25. Rd1 Kc6 26. Rd4 Rhb8
27. Rc2 Qb7 28. Rf4 Qc7 29. g3 Qa7 30. Qh5 Rb7 31. Qxh7 Rab8 32. h4 Rxb2 33.
Rxb2 Rxb2 34. Rxf7 Qb8 35. Ra7 Kb6 36. Rxa4 c4 37. Qe7 Rb1+ 38. Kh2 Rb5 39.
Qxe6+ Kc5 40. Ra6 Kd4 41. Qg4+ Kc3 42. Qf3+ Kb2 43. Qe2+ Kb3 44. e6 Qe8 45. e7
Rb7 46. Qd1+ Kc3 47. Qf3+ Kc2 48. Qxd5 Rc7 49. Qe4+ Kb3 50. Rb6+ Ka4 51. Qb1
1-0

[Event "16th South Wales Int 2019"]
[Site "Bridgend"]
[Date "2019.07.07"]
[Round "2.8"]
[White "Waddington, Mike P"]
[Black "Siddharth, Jagadeesh"]
[Result "1-0"]
[WhiteElo "2014"]
[BlackElo "2410"]
[PlyCount "93"]
[EventDate "2019.07.07"]
[EventType "swiss"]
[EventRounds "9"]
[EventCountry "WLS"]

1. Nc3 d5 2. e4 c6 3. f4 dxe4 4. Nxe4 Nf6 5. Nf2 g6 6. Nf3 Bg7 7. Bc4 O-O 8.
O-O c5 9. Ne5 Nbd7 10. d3 Nb6 11. Bb3 Nbd5 12. Qe2 Be6 13. Bd2 Qc7 14. Rae1
Rad8 15. g4 Bc8 16. Qf3 e6 17. h4 h5 18. Kh2 b6 19. Rg1 Bb7 20. Nh3 hxg4 21.
Nxg4 Nh5 22. Qf1 Bd4 23. Ne5 Qe7 24. Rg5 Bxb2 25. Qe2 Ndf6 26. c3 Bd5 27. Reg1
Kh7 28. Bc2 Rg8 29. d4 Kh8 30. Bxg6 fxg6 31. Nxg6+ Rxg6 32. Rxg6 Be4 33. Rh6+
Bh7 34. Rxh5 Nxh5 35. Qxh5 Rf8 36. Ng5 Rf5 37. d5 e5 38. d6 Qd7 39. fxe5 Qg7
40. Qe8+ Bg8 41. Qh5+ Bh7 42. Qxh7+ Qxh7 43. Nxh7 Kxh7 44. d7 Rf2+ 45. Rg2 Rf8
46. e6 Rd8 47. e7 1-0

[Event "16th South Wales Int 2019"]
[Site "Bridgend"]
[Date "2019.07.07"]
[Round "2.9"]
[White "Rudd, Jack"]
[Black "Bird, Joel"]
[Result "1-0"]
[WhiteElo "2275"]
[BlackElo "1988"]
[PlyCount "53"]
[EventDate "2019.07.07"]
[EventType "swiss"]
[EventRounds "9"]
[EventCountry "WLS"]

1. d4 d5 2. c4 c6 3. Nf3 Nf6 4. Nc3 dxc4 5. e4 b5 6. e5 Nd5 7. a4 e6 8. axb5
Nxc3 9. bxc3 cxb5 10. Ng5 Bb7 11. Qh5 g6 12. Qg4 Be7 13. h4 h6 14. Ne4 h5 15.
Qf3 Bxe4 16. Qxe4 Qd5 17. Qf4 Nc6 18. Be2 a5 19. Bf3 Qd7 20. O-O Ra6 21. Rd1
Nd8 22. d5 Bc5 23. Qf6 Rf8 24. dxe6 Qe7 25. exf7+ Rxf7 26. Qxa6 Qxh4 27. Qxb5+
1-0

[Event "16th South Wales Int 2019"]
[Site "Bridgend"]
[Date "2019.07.07"]
[Round "2.10"]
[White "Hewitt, William"]
[Black "Kett, Tim"]
[Result "1/2-1/2"]
[WhiteElo "2005"]
[BlackElo "2252"]
[PlyCount "69"]
[EventDate "2019.07.07"]
[EventType "swiss"]
[EventRounds "9"]
[EventCountry "WLS"]

1. e4 e5 2. Nf3 Nc6 3. d4 exd4 4. Nxd4 Nf6 5. Nc3 Bb4 6. Nxc6 bxc6 7. Bd3 O-O
8. O-O d5 9. exd5 cxd5 10. Bg5 c6 11. Qf3 Bd6 12. h3 Rb8 13. b3 Re8 14. Na4 Be6
15. Rfe1 h6 16. Bf4 Rb4 17. Bg3 Nh7 18. c3 Rb7 19. Bxd6 Qxd6 20. Rac1 Rbe7 21.
Re2 Ng5 22. Qg3 Qxg3 23. fxg3 Bc8 24. Rxe7 Rxe7 25. Nc5 Ne6 26. Re1 Kf8 27. Na4
Nc7 28. Rxe7 Kxe7 29. b4 Ba6 30. Bxa6 Nxa6 31. Kf2 Kd6 32. Ke3 c5 33. a3 d4+
34. Ke4 dxc3 35. Nxc3 1/2-1/2

[Event "16th South Wales Int 2019"]
[Site "Bridgend"]
[Date "2019.07.07"]
[Round "2.11"]
[White "Toczek, Grzegorz"]
[Black "Phillips, William"]
[Result "1/2-1/2"]
[WhiteElo "2249"]
[BlackElo "1847"]
[PlyCount "44"]
[EventDate "2019.07.07"]
[EventType "swiss"]
[EventRounds "9"]
[EventCountry "WLS"]

1. e4 e5 2. Nf3 Nc6 3. Bb5 a6 4. Ba4 Nf6 5. O-O b5 6. Bb3 Be7 7. Re1 O-O 8. d4
d6 9. c3 Bg4 10. Be3 Na5 11. Bc2 Nc4 12. Bc1 c5 13. d5 h6 14. h3 Bh5 15. Qe2
Nh7 16. g4 Bg6 17. a4 Qd7 18. Nh2 Bg5 19. b3 Nb6 20. a5 Nc8 21. Bxg5 Nxg5 22.
Kg2 f6 1/2-1/2

[Event "16th South Wales Int 2019"]
[Site "Bridgend"]
[Date "2019.07.07"]
[Round "2.12"]
[White "Bevan, Peter M"]
[Black "Richardson, John R"]
[Result "0-1"]
[WhiteElo "1942"]
[BlackElo "2239"]
[PlyCount "75"]
[EventDate "2019.07.07"]
[EventType "swiss"]
[EventRounds "9"]
[EventCountry "WLS"]

1. c4 Nf6 2. g3 e6 3. Nf3 d5 4. Bg2 dxc4 5. O-O Nbd7 6. Qc2 a6 7. a4 Rb8 8.
Qxc4 b5 9. axb5 axb5 10. Qc2 Bb7 11. d3 Be7 12. Nc3 b4 13. Nb5 c6 14. Nbd4 c5
15. Nb3 O-O 16. Bf4 Rc8 17. Na5 Ba8 18. Nc4 Nb6 19. Nxb6 Qxb6 20. Ne5 Bxg2 21.
Kxg2 Nd5 22. Bd2 Qb7 23. Kg1 Rfd8 24. Qa4 Bf6 25. Nc4 Nb6 26. Qb5 Rb8 27. Na5
Qd7 28. Qxc5 Bxb2 29. Ra2 Na4 30. Qc6 Bc3 31. Bg5 f6 32. Bxf6 gxf6 33. Rxa4 Ra8
34. Rfa1 Bxa1 35. Qxd7 Rxd7 36. Rxa1 Rda7 37. Rb1 Rxa5 38. Rxb4 0-1

[Event "16th South Wales Int 2019"]
[Site "Bridgend"]
[Date "2019.07.07"]
[Round "2.13"]
[White "Jones, Derek"]
[Black "Blackburn, Jonathan L B"]
[Result "0-1"]
[WhiteElo "1937"]
[BlackElo "2217"]
[PlyCount "80"]
[EventDate "2019.07.07"]
[EventType "swiss"]
[EventRounds "9"]
[EventCountry "WLS"]

1. d4 Nf6 2. c4 g6 3. Nc3 Bg7 4. e4 d6 5. f4 O-O 6. Nf3 c5 7. d5 e6 8. Be2 exd5
9. cxd5 Re8 10. e5 dxe5 11. fxe5 Ng4 12. e6 fxe6 13. d6 Ne5 14. O-O Nxf3+ 15.
Bxf3 Bd4+ 16. Kh1 Qxd6 17. Ne4 Qb6 18. Bg5 Bd7 19. Nf6+ Bxf6 20. Bxf6 Bc6 21.
Qd2 Nd7 22. Bc3 Re7 23. Bh5 e5 24. Be2 Kg7 25. Rad1 Bb5 26. Bxb5 Qxb5 27. Qg5
Rae8 28. Rfe1 Qc6 29. h4 Qf6 30. Qg3 Qf5 31. Rf1 Qh5 32. Rde1 Nf6 33. b3 Qg4
34. Qxg4 Nxg4 35. Re4 h5 36. Kg1 Rd8 37. Rfe1 Rd5 38. Bb2 b6 39. R4e2 Kf7 40.
Rf1+ Ke6 0-1

[Event "16th South Wales Int 2019"]
[Site "Bridgend"]
[Date "2019.07.07"]
[Round "2.14"]
[White "Wilson, Matthew R"]
[Black "Murphy, Conor E"]
[Result "1-0"]
[WhiteElo "1817"]
[BlackElo "2362"]
[PlyCount "77"]
[EventDate "2019.07.07"]
[EventType "swiss"]
[EventRounds "9"]
[EventCountry "WLS"]

1. e4 c5 2. Nf3 e6 3. b3 a6 4. Bb2 Nc6 5. d4 cxd4 6. Nxd4 Qf6 7. c3 Bc5 8. Qd3
Nge7 9. Nd2 O-O 10. g3 b5 11. Bg2 e5 12. N4f3 Rd8 13. O-O d6 14. a4 b4 15. c4
g5 16. Ne1 Ng6 17. Nc2 Ra7 18. Ne3 Be6 19. Nd5 Qg7 20. Kh1 Nd4 21. Nf3 Nxf3 22.
Bxf3 Rf8 23. Bg2 h5 24. f4 Bxd5 25. Qxd5 gxf4 26. gxf4 Nh4 27. Bf3 Kh7 28. fxe5
Be3 29. exd6 Qd4 30. Bc3 Qxc3 31. Qe5 Qb2 32. Qxh5+ Kg7 33. Qxh4 f5 34. Rg1+
Kf7 35. Bh5+ Ke6 36. Rg6+ Ke5 37. Rd1 Bd2 38. Qg3+ Kd4 39. Qf2+ 1-0

[Event "16th South Wales Int 2019"]
[Site "Bridgend"]
[Date "2019.07.07"]
[Round "2.15"]
[White "Robinson, David"]
[Black "Ratnesan, Ranesh"]
[Result "0-1"]
[WhiteElo "1840"]
[BlackElo "2080"]
[PlyCount "42"]
[EventDate "2019.07.07"]
[EventType "swiss"]
[EventRounds "9"]
[EventCountry "WLS"]

1. e4 c5 2. c3 d5 3. exd5 Qxd5 4. d4 cxd4 5. cxd4 Nc6 6. Nf3 e5 7. Nc3 Bb4 8.
Bd2 Bxc3 9. Bxc3 e4 10. Ne5 Nxe5 11. dxe5 Ne7 12. Be2 O-O 13. O-O Qe6 14. Qc2
Qg6 15. Kh1 Nd5 16. Bd2 Bf5 17. Qb3 Rad8 18. Rad1 e3 19. Bxe3 Bc2 20. Qxb7 Nxe3
21. Rxd8 Rxd8 0-1

[Event "16th South Wales Int 2019"]
[Site "Bridgend"]
[Date "2019.07.07"]
[Round "2.16"]
[White "O`rourke, Kevin"]
[Black "Davis, Lee"]
[Result "0-1"]
[WhiteElo "1266"]
[BlackElo "1937"]
[PlyCount "72"]
[EventDate "2019.07.07"]
[EventType "swiss"]
[EventRounds "9"]
[EventCountry "WLS"]

1. e4 g6 2. d4 d6 3. Bd2 Bg7 4. Bc3 e6 5. Nf3 Ne7 6. Qd2 Nd7 7. d5 e5 8. Qc1
Nc5 9. Bb5+ c6 10. dxc6 bxc6 11. Bd3 O-O 12. Bd2 d5 13. exd5 cxd5 14. Bh6 e4
15. Bxg7 Kxg7 16. Qe3 Nxd3+ 17. cxd3 Nf5 18. Qd2 exf3 19. O-O fxg2 20. Kxg2 d4
21. Qf4 Bb7+ 22. f3 Ne3+ 23. Kf2 Nxf1 24. Kxf1 Qf6 25. Qxf6+ Kxf6 26. Nd2 Rfe8
27. a4 Re3 28. Ra3 Bxf3 29. b4 Rae8 30. Nxf3 Rxf3+ 31. Kg2 Ree3 32. b5 Rxd3 33.
Rxd3 Rxd3 34. a5 Rb3 35. b6 axb6 36. a6 Ra3 0-1

[Event "16th South Wales Int 2019"]
[Site "Bridgend"]
[Date "2019.07.07"]
[Round "2.17"]
[White "Chung, Daniel"]
[Black "May, Adam J"]
[Result "0-1"]
[WhiteElo "1434"]
[BlackElo "1917"]
[PlyCount "60"]
[EventDate "2019.07.07"]
[EventType "swiss"]
[EventRounds "9"]
[EventCountry "WLS"]

1. d4 d5 2. c4 e6 3. Nc3 Nf6 4. Bg5 Be7 5. Nf3 Nbd7 6. Bxf6 Nxf6 7. e3 O-O 8.
cxd5 exd5 9. Bd3 Re8 10. O-O Bg4 11. h3 Bh5 12. Be2 Ne4 13. Nd2 Bg6 14. Ndxe4
dxe4 15. a3 c6 16. Qc2 Bd6 17. Qd2 Qg5 18. Qd1 Rad8 19. Rc1 f5 20. Bc4+ Kh8 21.
Be2 f4 22. Qd2 f3 23. g3 Qh5 24. Rfe1 fxe2 25. Qxe2 Qxh3 26. Qf1 Qf5 27. Qg2
Bh5 28. Qh1 Bf3 29. Qh2 Re6 30. Qh4 Rde8 0-1

[Event "16th South Wales Int 2019"]
[Site "Bridgend"]
[Date "2019.07.07"]
[Round "2.18"]
[White "Camacho Collados, Jose"]
[Black "Williams, Ron"]
[Result "1-0"]
[WhiteElo "2408"]
[BlackElo "1644"]
[PlyCount "52"]
[EventDate "2019.07.07"]
[EventType "swiss"]
[EventRounds "9"]
[EventCountry "WLS"]

1. Nf3 d6 2. d4 Nd7 3. e4 e5 4. Bc4 Be7 5. dxe5 Nxe5 6. Nxe5 dxe5 7. Qh5 g6 8.
Qxe5 Nf6 9. Bh6 Rg8 10. Qb5+ Qd7 11. Nc3 Qxb5 12. Nxb5 Bb4+ 13. c3 Ba5 14. Bf4
Bd7 15. Bxc7 a6 16. Nd6+ Ke7 17. Bxa5 Kxd6 18. Bxf7 Rg7 19. Bb3 Nxe4 20. O-O-O+
Kc6 21. Bd5+ Kb5 22. Bxb7 Rb8 23. Bxe4 Kxa5 24. Rd6 Bf5 25. Bxf5 gxf5 26. Re1
Rb5 1-0

[Event "16th South Wales Int 2019"]
[Site "Bridgend"]
[Date "2019.07.07"]
[Round "2.19"]
[White "Parry, Matthew"]
[Black "Ong, Weng Yan"]
[Result "1-0"]
[WhiteElo "1909"]
[BlackElo "1624"]
[PlyCount "107"]
[EventDate "2019.07.07"]
[EventType "swiss"]
[EventRounds "9"]
[EventCountry "WLS"]

1. d4 c5 2. d5 e5 3. dxe6 dxe6 4. Qxd8+ Kxd8 5. Bf4 b6 6. Nc3 Ba6 7. Nf3 Nc6 8.
O-O-O+ Ke8 9. e4 Bxf1 10. Rhxf1 Rd8 11. Nb5 Rxd1+ 12. Rxd1 Be7 13. Ne5 Nxe5 14.
Bxe5 Bf6 15. Nc7+ Kf8 16. Bxf6 gxf6 17. Nb5 a6 18. Nc7 Ke7 19. Nxa6 Nh6 20. Nc7
Ng4 21. f3 Ne3 22. Rd2 Nc4 23. Rd3 Nd6 24. Rb3 Rg8 25. g3 Kd7 26. Nb5 Nxb5 27.
Rxb5 Kc6 28. Rb3 Ra8 29. a3 Ra4 30. Kd2 c4 31. Rc3 b5 32. b3 Rxa3 33. bxc4 b4
34. Rxa3 bxa3 35. Kc3 Kc5 36. Kb3 a2 37. Kxa2 Kxc4 38. Kb2 Kb4 39. c3+ Kc4 40.
Kc2 e5 41. g4 h6 42. h4 Kb5 43. Kb3 Kc5 44. c4 f5 45. gxf5 h5 46. Kc3 f6 47.
Kb3 Kb6 48. Kb4 Kc6 49. c5 Kc7 50. Kb5 Kb7 51. c6+ Kc7 52. Kc5 Kb8 53. Kd6 Kc8
54. c7 1-0

[Event "16th South Wales Int 2019"]
[Site "Bridgend"]
[Date "2019.07.07"]
[Round "2.20"]
[White "Blackmore, Simon"]
[Black "Hughes, Anthony"]
[Result "0-1"]
[WhiteElo "1682"]
[BlackElo "1900"]
[PlyCount "34"]
[EventDate "2019.07.07"]
[EventType "swiss"]
[EventRounds "9"]
[EventCountry "WLS"]

1. d4 Nf6 2. Bf4 d6 3. e3 g6 4. c3 Bg7 5. Bd3 O-O 6. Nd2 e5 7. Bg5 Qe7 8. Ne4
Nbd7 9. Qf3 d5 10. Nxf6+ Nxf6 11. Bxf6 Bxf6 12. Qxd5 exd4 13. cxd4 Rd8 14. Qb3
Rxd4 15. Bc4 Rd6 16. Ne2 Rb6 17. Qd1 Qb4+ 0-1

[Event "16th South Wales Int 2019"]
[Site "Bridgend"]
[Date "2019.07.07"]
[Round "2.21"]
[White "Spanton, Tim R"]
[Black "Miga, Tomasz"]
[Result "1-0"]
[WhiteElo "1900"]
[BlackElo "1593"]
[PlyCount "51"]
[EventDate "2019.07.07"]
[EventType "swiss"]
[EventRounds "9"]
[EventCountry "WLS"]

1. e4 c5 2. Nf3 g6 3. d4 cxd4 4. Nxd4 Nc6 5. Nc3 Bg7 6. Nxc6 bxc6 7. Bc4 Nf6 8.
e5 Ng8 9. Qf3 e6 10. Bf4 Qa5 11. O-O-O Bxe5 12. Bxe5 Qxe5 13. Rhe1 Qf5 14. Qg3
Nf6 15. Qd6 Qg4 16. Rd4 Qg5+ 17. Kb1 Nh5 18. g4 Ng7 19. Ne4 Qe7 20. Qe5 O-O 21.
Nf6+ Kh8 22. Re3 Ne8 23. g5 Nxf6 24. gxf6 Qd8 25. Rh3 d6 26. Rdh4 1-0

[Event "16th South Wales Int 2019"]
[Site "Bridgend"]
[Date "2019.07.07"]
[Round "2.22"]
[White "Hirst, Joe"]
[Black "Jukes, Sam"]
[Result "0-1"]
[WhiteElo "1632"]
[BlackElo "1895"]
[PlyCount "62"]
[EventDate "2019.07.07"]
[EventType "swiss"]
[EventRounds "9"]
[EventCountry "WLS"]

1. e4 e5 2. Nf3 Nc6 3. Bc4 Nf6 4. d3 Be7 5. c3 O-O 6. O-O d6 7. Re1 Kh8 8. h3
Ng8 9. Nbd2 f5 10. Nf1 Nf6 11. Ng3 fxe4 12. dxe4 Na5 13. Bb3 Nxb3 14. Qxb3 Qe8
15. Nh4 Nh5 16. Nhf5 Nxg3 17. Nxg3 Qg6 18. c4 b6 19. Qd3 Bb7 20. Bd2 Rf7 21.
Nf5 Rxf5 22. b4 Raf8 23. Re2 Bh4 24. f4 Rxf4 25. Bxf4 Rxf4 26. Rf1 Qf6 27. Rxf4
Qxf4 28. c5 Bg3 29. Qc2 Ba6 30. cxd6 Bxe2 31. Qxe2 Qc1+ 0-1

[Event "16th South Wales Int 2019"]
[Site "Bridgend"]
[Date "2019.07.07"]
[Round "2.23"]
[White "Whitehead, Mark A"]
[Black "Robertson, Jim"]
[Result "1-0"]
[WhiteElo "1887"]
[BlackElo "1580"]
[PlyCount "107"]
[EventDate "2019.07.07"]
[EventType "swiss"]
[EventRounds "9"]
[EventCountry "WLS"]

1. e4 c6 2. d4 d5 3. Nd2 dxe4 4. Nxe4 Bf5 5. Ng3 Bg6 6. Bc4 e6 7. N1e2 Bd6 8.
Nf4 Bxf4 9. Bxf4 Nf6 10. c3 Nbd7 11. Qe2 Nb6 12. Bb3 Nbd5 13. Bd2 a5 14. O-O
O-O 15. c4 Nc7 16. Bc3 Re8 17. a4 Qe7 18. Rfe1 b6 19. f4 Qf8 20. Qf3 Qd6 21.
Rad1 Rac8 22. d5 cxd5 23. cxd5 Nfxd5 24. f5 exf5 25. Rxe8+ Rxe8 26. Bxd5 Qc5+
27. Qf2 Qxf2+ 28. Kxf2 f4 29. Ne2 Bc2 30. Rd2 Bxa4 31. Nxf4 Nb5 32. Bc6 Nxc3
33. Bxe8 Ne4+ 34. Ke1 Bxe8 35. Rd8 Kf8 36. Nd5 b5 37. Nc7 Nf6 38. Nxb5 Ke7 39.
Rb8 Kd7 40. Nc3 Kc7 41. Ra8 Kb6 42. Nd5+ Nxd5 43. Rxe8 Nf4 44. Kd2 Nxg2 45. Re7
g5 46. Rxf7 h5 47. Rh7 Nf4 48. Ke3 Kc5 49. Ke4 Nd5 50. Kf5 g4 51. Rxh5 Kb4 52.
Rh8 Kb3 53. Rb8+ Kc4 54. Kxg4 1-0

[Event "16th South Wales Int 2019"]
[Site "Bridgend"]
[Date "2019.07.07"]
[Round "2.24"]
[White "Hurn, Robert Aj"]
[Black "Camp, Imogen A L"]
[Result "0-1"]
[WhiteElo "1615"]
[BlackElo "1850"]
[PlyCount "70"]
[EventDate "2019.07.07"]
[EventType "swiss"]
[EventRounds "9"]
[EventCountry "WLS"]

1. d4 d5 2. c4 c6 3. Nc3 Nf6 4. e3 e6 5. Nf3 Nbd7 6. Bd3 dxc4 7. Bxc4 b5 8. Bd3
Bb7 9. O-O a6 10. e4 c5 11. d5 e5 12. Bc2 g6 13. Bg5 Bg7 14. Qd2 h6 15. Be3 Ng4
16. Rad1 O-O 17. Qe2 Nxe3 18. Qxe3 Rc8 19. Bd3 Qe7 20. Be2 Rfd8 21. Nd2 Nf6 22.
Qg3 Ne8 23. Bg4 Rc7 24. Kh1 Nd6 25. b3 Kh7 26. Ne2 f5 27. Bh3 fxe4 28. Be6 Bxd5
29. Bh3 Nf5 30. Bxf5 gxf5 31. Qh3 Be6 32. Qc3 Rcd7 33. Qc2 Qd6 34. h3 Qd3 35.
Qxd3 Rxd3 0-1

[Event "16th South Wales Int 2019"]
[Site "Bridgend"]
[Date "2019.07.07"]
[Round "2.25"]
[White "James, Dai"]
[Black "Williams, David J"]
[Result "1-0"]
[WhiteElo "1848"]
[BlackElo "1519"]
[PlyCount "69"]
[EventDate "2019.07.07"]
[EventType "swiss"]
[EventRounds "9"]
[EventCountry "WLS"]

1. e4 c5 2. Nc3 e6 3. g3 Nc6 4. Bg2 a6 5. a4 g6 6. Nge2 Bg7 7. O-O Nge7 8. d3
O-O 9. Be3 Nd4 10. Qd2 Re8 11. Bh6 Bh8 12. f4 Nxe2+ 13. Qxe2 d5 14. e5 Rb8 15.
g4 Bg7 16. Bg5 Qc7 17. Rae1 Nc6 18. Qf2 Nd4 19. Re3 h6 20. Bf6 b5 21. axb5 axb5
22. Rh3 Bf8 23. Ne2 Nxe2+ 24. Qxe2 d4 25. g5 Bb7 26. gxh6 Kh7 27. Rg3 Ra8 28.
h4 Ra7 29. h5 Rea8 30. Qg4 Bxh6 31. hxg6+ Kg8 32. gxf7+ Kxf7 33. Qg6+ Kf8 34.
Qxh6+ Ke8 35. Qh8+ 1-0

[Event "16th South Wales Int 2019"]
[Site "Bridgend"]
[Date "2019.07.07"]
[Round "2.26"]
[White "Orton, Paul"]
[Black "Nechio, Douglas Egidio Gome"]
[Result "0-1"]
[WhiteElo "1584"]
[BlackElo "1819"]
[PlyCount "60"]
[EventDate "2019.07.07"]
[EventType "swiss"]
[EventRounds "9"]
[EventCountry "WLS"]

1. d4 Nf6 2. Bf4 g6 3. Nc3 d5 4. e3 Bg7 5. Bd3 Nh5 6. Bg3 c5 7. Nf3 cxd4 8.
exd4 O-O 9. O-O Nxg3 10. hxg3 Bg4 11. Ne2 Nc6 12. c3 a6 13. Qc2 Rc8 14. Qd2 f6
15. Rae1 e5 16. dxe5 fxe5 17. Nh2 Be6 18. Bb1 Na5 19. Nf3 Nc4 20. Qc1 Qb6 21.
b3 Nd6 22. Qg5 Bf6 23. Qc1 Nb5 24. Qb2 Bg4 25. Rd1 e4 26. Nfd4 Nxc3 27. Rd2
Nxe2+ 28. Rxe2 Bxd4 29. Qd2 Bxe2 30. Qxe2 Rxf2 0-1